Geography Quiz

Random Geography or Asia Quiz

Most Visited Cities of Asia Quiz Stats

 Plays Quiz Updated Jan 26, 2019

Challenge
Share
Tweet
Embed
Score 0/12 Timer 04:00
13 Plays Today
City % Correct
Tokyo
96.4%
Bangkok
82.3%
Seoul
76.6%
Hong Kong
76.4%
Singapore
72.9%
Osaka
57.3%
Dubai
55.6%
Kuala Lumpur
53%
Mecca
47.3%
Pattaya
44.7%
Bali
19.1%
Phuket
15.8%

You're not logged in!

Compare scores with friends on all Sporcle quizzes.
OR
Log In

You Might Also Like...

Show Comments

Extras

Top Quizzes Today


Score Distribution

Your Account Isn't Verified!

In order to create a playlist on Sporcle, you need to verify the email address you used during registration. Go to your Sporcle Settings to finish the process.

Report this User

Report this user for behavior that violates our Community Guidelines.

Details: